Normal view
MARC view
- KAPLAN, W:LEWIS, D. J
Entry Personal Name
001 - CONTROL NUMBER
- control field: 68038
003 - CONTROL NUMBER IDENTIFIER
- control field: NUST
005 - DATE AND TIME OF LATEST TRANSACTION
- control field: 20210628203948.0
008 - FIXED-LENGTH DATA ELEMENTS
- fixed length control field: 210628|| aca||aabn | a|a d
040 ## - CATALOGING SOURCE
- Original cataloging agency: NUST
- Transcribing agency: NUST
100 ## - HEADING--PERSONAL NAME
- Personal name: KAPLAN, W:LEWIS, D. J
670 ## - SOURCE DATA FOUND
- Source citation: Work cat.: (NUST): KAPLAN, W:LEWIS, D. J, CALACULUS AND LINEAR ALGEBRA, 1971
